| 000 | 00577nam a22001937a 4500 | ||
|---|---|---|---|
| 999 |
_c8603 _d8603 |
||
| 003 | AR-CdUCM | ||
| 008 | 190325b ||||| |||| 00| 0 spa d | ||
| 040 |
_aMUNICIPALIDAD PROVINCIAL DEL CUSCO _cBIBLIOTECA MUNICIPAL DEL CUSCO |
||
| 082 |
_a869.56 / _bSA12 |
||
| 100 |
_aSabogal, Isabel _924076 |
||
| 245 | _aUn universo dividido / | ||
| 260 |
_aLima : _bAltazor, _c2016. |
||
| 300 |
_a214 páginas ; _bIlustraciones. _c21.5 cm. |
||
| 440 |
_aColeccion Anatema _n16 _924077 |
||
| 650 |
_aLiteratura peruana _9169 |
||
| 650 |
_aSiglo XX _98 |
||
| 942 |
_2ddc _cLIBROS |
||
| 945 | _aafb | ||